Геохимическая, физическая и геофизическая характеристика карбонатных пород как коллекторов нефти и газа: методическое руководство по дипломному проектированию для студентов нефтяных факультетов

Dades bibliogràfiques
Autor principal: Иванов А. М.
Autor corporatiu: Куйбышевский политехнический институт им. В. В. Куйбышева
Idioma:rus
Publicat: Куйбышев, [Б. и.], 1972
Matèries:
Format: Llibre
KOHA link:https://koha.lib.tpu.ru/cgi-bin/koha/opac-detail.pl?biblionumber=354193

MARC

LEADER 00000nam0a2200000 4500
001 354193
005 20231102010651.0
035 |a (RuTPU)RU\TPU\retro\11451 
090 |a 354193 
100 |a 20200617d1972 m y0rusy50 ca 
101 0 |a rus 
102 |a RU 
105 |a a j 001zy 
200 1 |a Геохимическая, физическая и геофизическая характеристика карбонатных пород как коллекторов нефти и газа  |e методическое руководство по дипломному проектированию для студентов нефтяных факультетов  |f А. М. Иванов  |g Куйбышевский политехнический институт им. В. В. Куйбышева 
210 |a Куйбышев  |c [Б. и.]  |d 1972 
215 |a 103 с.  |c ил. 
320 |a Библиогр. в конце разд. 
606 1 |a Нефтегазовые пласты-коллекторы  |2 stltpush  |3 (RuTPU)RU\TPU\subj\73863  |9 86596 
610 1 |a методические руководства 
610 1 |a дипломные проекты 
610 1 |a карбонатные коллекторы 
610 1 |a геохимическая характеристика 
610 1 |a геофизическая характеристика 
610 1 |a нефтяные коллекторы 
610 1 |a газовые коллекторы 
610 1 |a керн 
610 1 |a изучение 
675 |a 552.578.2.061.4(076.5)  |v 4 
700 1 |a Иванов  |b А. М. 
712 0 2 |a Куйбышевский политехнический институт им. В. В. Куйбышева  |c (1962-1991)  |2 stltpush  |3 (RuTPU)RU\TPU\col\320  |9 23347 
801 1 |a RU  |b 63413507  |c 20200617 
801 2 |a RU  |b 63413507  |c 20201218  |g RCR 
942 |c BK